• 首页
  • 本馆介绍
  • 公告通知
  • 最新文献
  • 馆藏检索
  • 电子资源
  • 读者导购
  • 参考咨询
  • 我的图书馆
  • 登录
  • 详细信息显示
  • 放入我的书架
  • 预约/预借图书
  • 作者相关作品
  • 分类相关作品
  • 丛书相关作品
  • 出版社相关作品

书目信息

  • 表格格式
  • 工作单格式
  • 卡片格式
题名:
申纪兰
    
 
作者: 刘重阳 著
分册:  
出版信息: 长春   吉林文史出版社  2012
页数: 128页
开本: 22cm
丛书名: 《100位新中国成立以来感动中国人物》丛书
单 册:
中图分类: K828.1=76 , K828.1
科图分类:
主题词:
电子资源:
ISBN: 978-7-5472-1099-4
000 00715oam2 2200241 450
001 2370908303
005 20231129020326.31
010    @a978-7-5472-1099-4@dCNY29.80
100    @a20141211d2012 em y0chiy50 ea
101 0  @achi
102    @aCN@b220000
105    @aa z 000yb
200 1  @a申纪兰@Ashen ji lan@f刘重阳著
210    @a长春@c吉林文史出版社@d2012
215    @a128页@c照片@d22cm
225 2  @@a《100位新中国成立以来感动中国人物》丛书
410  0 @12001 @a《100位新中国成立以来感动中国人物》丛书
600  0 @a申纪兰@f(1929- )@x生平事迹
690    @aK828.1=76@v5
690    @aK828.1@v4
701  0 @a刘重阳@Aliu chong yang@f(1948-)@4著
801  0 @aCN@b91MARC@c20150426
905    @aZUCC@dK828.1@e14
    
    申纪兰/刘重阳著.-长春:吉林文史出版社,2012
    128页:照片;22cm.-(《100位新中国成立以来感动中国人物》丛书)
    
    
    ISBN 978-7-5472-1099-4:CNY29.80
    
●
相关链接 在五车中查询图书 在当当中查询图书 在豆瓣中查询图书


正题名:申纪兰     索取号:K828.1/14         预约/预借

序号 登录号 条形码 馆藏地/架位号 状态 备注
1 2001007090   2001007090   第四书库/四31架A面6层2列/ [索取号:K828.1/14] 在馆    
2 2001007091   2001007091   第四书库/四31架A面6层2列/ [索取号:K828.1/14] 在馆    
3 2001007092   2001007092   培训中心一楼图书角/培训中心西北4行1列/ [索取号:K828.1/14] 在馆    
4 2001007093   2001007093   培训中心一楼图书角/培训中心西北4行1列/ [索取号:K828.1/14] 在馆    
5 2001007094   2001007094   培训中心一楼图书角/培训中心西北3行2列/ [索取号:K828.1/14] 在馆    
6 2001007095   2001007095   第四书库/四31架A面1层3列/ [索取号:K828.1/14] 在馆    
山东省滨州职业学院图书馆 欢迎您!
大连网信软件有限公司© 版权所有